| 000 | 00900nam a2200265Ia 4500 | ||
|---|---|---|---|
| 008 | 180523s9999 xx 000 0 und d | ||
| 020 | _a0-415-30823-2 | ||
| 050 | _aMAIN LC 3969.45 | ||
| 050 | _b.F37 2003 | ||
| 100 | _aFarrell, Michael. | ||
| 245 | 0 | _aUnderstanding special educational needs : | |
| 245 | 2 | _ba guide for student teachers / | |
| 245 | 0 | _cMichael Farrell. | |
| 260 | _aLondon : | ||
| 260 | _bRoutlege Falmer, | ||
| 260 | _c2003 | ||
| 300 | _a160 pages : | ||
| 300 | _c22 cm. | ||
| 500 | _aIncludes bibliographical references and index. | ||
| 650 | _aSpecial education -- Great Britain. | ||
| 650 | _aSpecial education teachers -- Training of -- Great Britain. | ||
| 650 | _aStudent teachers -- Great Britain. | ||
| 650 | _xSpecial education -- Study and teaching -- Great Britain. | ||
| 650 | _xSpecial education teachers -- In service training -- Great Britain. | ||
| 999 |
_c357334 _d357334 |
||